| 000 | 01390nam a2200277Ia 4500 | ||
|---|---|---|---|
| 999 |
_c53523 _d53523 |
||
| 001 | 20569 | ||
| 003 | GE_BSU | ||
| 005 | 20210222151706.0 | ||
| 008 | 181216s2011||||ge |||||||||||||| ||geo|| | ||
| 020 | _a978-9941-0-2848-9 | ||
| 040 | _cGE_BSU | ||
| 041 | _ageo | ||
| 080 | _a616.314(075.8) მ-23 | ||
| 100 |
_aმამალაძე, მარინა _93459 |
||
| 245 |
_aოპერაციული ოდონტოლოგია ნაწ. 1 : _bსახელმძღვ. სტომატოლოგიის ფაკ-ტის სტუდენტებისა და რეზიდენტებისთვის / _cმარინა მამალაძე, ნინო კორსანტია, ლია სანოძე. |
||
| 264 |
_aთბილისი : _bშპს "ფავორიტი პრინტი, _c2011, |
||
| 300 |
_a311 გვ. : _bილ. + 1 CD ; _c 23 სმ. |
||
| 504 | _aბიბლიოგრ. თავების ბოლოს | ||
| 541 | _h84 ლ. | ||
| 653 | _aმედიცინა | ||
| 653 | _aოპერაციული ოდონტოლოგია | ||
| 653 | _aსტომატოლოგია | ||
| 700 |
_aკორსანტია, ნინო _eავტორი _93460 |
||
| 700 |
_a სანოძე, ლია _eავტორი _910188 |
||
| 942 |
_cBK _2udc |
||